| 000 | 00808nam a2200157 a 4500 | ||
|---|---|---|---|
| 008 | 070402s2006 ||||||||||||||||| || u | ||
| 050 | _aTHESIS | ||
| 100 | _aZulu, Charles Kasinsa | ||
| 245 | 1 | 0 |
_aPlant design for the production of 28, 000 tonnes per year of monochlorobenzene with 2, 500 tonnes per year of dichlorobenzene by direct chlorination of benzene _cthesis supervised by F. Ntengwe |
| 260 |
_aKitwe _bCopperbelt University, school of Technology, Department of Chemical Engineering _c2006 |
||
| 350 | _a0.00 | ||
| 650 | _aCHEMICAL PROCESSES | ||
| 650 | 0 | _aCHEMISTRY--HANDBOOKS, MANUALS, ETC | |
| 650 | _aCHEMICAL PLANTS--DESIGN AND CONSTRUCTION | ||
| 995 |
_D0.00 _FCBU-MAIN LIBRARY (Kitwe) _H1 _I0.00 _M1 _UAVAILABLE _WApr 2, 2007 _ZUniversity Collection |
||
| 999 |
_c53740 _d53740 |
||